000 00532nam a2200181 a 4500
001 1765435095291
003 YourLibrary
005 20251213131027.0
008 251211s2009##################000#0#eng##
020 _a9780521104531
082 0 4 _a895.112DAV.2
100 1 _aDavis, A. R.,
_eauthor.
245 1 0 _aT'ao Yüan-ming: Volume 2, Additional Commentary, Notes and Biography :
260 _bCambridge University Press,
_c2009.
650 0 _aLiterary Criticism.
942 _cENGLISH
040 _aYourLibrary
_beng
_cYourLibrary
999 _c602410
_d602410